000 00492nam a2200181Ia 4500
005 20250326123612.0
008 250326s9999 xx 000 0 und d
037 _aTextbook
040 _aFMSL
_beng
_cFMSL
041 _aeng
_2eng
084 _aB2893 K6
_qFMSL
100 _aHertz D B
_9735598
245 0 _aOperational research
_cHertz D B; Melese J
260 _aNY
_bNY, Wiley-Interscience
_c1966
300 _a1095p
942 _cTB
_hB2893 K6
999 _c1270105
_d1270105